[Event "Masters"]
[Site "Melbourne"]
[Date "1995.08.21"]
[Round "1"]
[White "Jordan, W"]
[Black "Rutherford, S"]
[Result "0-1"]
[WhiteElo "2340"]
[BlackElo "2250"]

1. e4 c6 2. d4 d5 3. exd5 cxd5 4. Bd3 Nc6 5. c3 g6 6. Bf4 Bg7 7. Nd2 Nh6 8.
Ngf3 O-O 9. O-O f6 10. c4 Bf5 11. Be2 dxc4 12. Nxc4 Be4 13. Ne3 Bxf3 14.
Bxf3 Qxd4 15. Qb3+ Kh8 16. Qxb7 Ne5 17. Bxe5 Qxe5 18. Qa6 Rab8 19. Qxa7
Qxb2 20. Rad1 e6 21. Rd7 f5 22. a4 g5 23. a5 g4 24. Bc6 f4 25. Nc4 Qc3 26.
Nd6 g3 27. Rc7 gxf2+ 28. Kh1 Qe1 29. Qa6 Rb1 30. Bb5 Ng4 31. Bd3 Ne3 32.
Rxg7 Qxf1+ 33. Bxf1 Rxf1+ 34. Qxf1 Nxf1 35. Rb7 Nd2 0-1

[Event "Masters"]
[Site "Melbourne"]
[Date "1995.08.21"]
[Round "1"]
[White "Kagan, N"]
[Black "Sandler, L"]
[Result "1/2-1/2"]
[WhiteElo "2395"]
[BlackElo "2375"]

1. e4 e5 2. Nf3 Nc6 3. Bb5 a6 4. Ba4 Nf6 5. O-O Nxe4 6. d4 b5 7. Bb3 d5 8.
dxe5 Be6 9. c3 Be7 10. Nbd2 O-O 11. Bc2 Nc5 12. Nb3 Nxb3 13. axb3 Qd7 14.
Re1 Rfd8 15. Nd4 Nxd4 16. cxd4 Bf5 17. Bf4 Bxc2 18. Qxc2 Rdc8 1/2-1/2

[Event "Masters"]
[Site "Melbourne"]
[Date "1995.08.22"]
[Round "2"]
[White "Johansen, D"]
[Black "Tu Hoang Thong"]
[Result "1/2-1/2"]
[WhiteElo "2510"]
[BlackElo "2470"]

1. d4 d5 2. Nf3 c6 3. c4 e6 4. Nbd2 f5 5. g3 Nf6 6. Bg2 Bd6 7. O-O O-O 8.
b3 b6 9. Bb2 Bb7 10. Qc2 Na6 11. Rad1 Qe7 12. Qb1 Nc7 13. Ne5 Bxe5 14. dxe5
Ng4 15. h3 Nh6 16. e3 Rad8 17. Rfe1 1/2-1/2

[Event "Masters"]
[Site "Melbourne"]
[Date "1995.08.22"]
[Round "2"]
[White "Sandler, L"]
[Black "Jordan, W"]
[Result "1-0"]
[WhiteElo "2375"]
[BlackElo "2340"]

1. c4 Nf6 2. Nc3 g6 3. e4 c5 4. Nf3 Bg7 5. d4 Qa5 6. Bd2 cxd4 7. Nxd4 Nc6
8. Nb3 Qh5 9. Qxh5 Nxh5 10. Be2 Nf6 11. c5 O-O 12. O-O Ne8 13. Be3 d6 14.
Rfd1 f5 15. exf5 gxf5 16. f3 Be6 17. cxd6 Nxd6 18. Nd4 Nxd4 19. Bxd4 Bh6
20. Bc5 Rfd8 21. Nd5 Bxd5 22. Rxd5 Rac8 23. Kf1 b6 24. Ba3 Rc2 25. Bd1 Rd2
26. Rxd2 Bxd2 27. Bb3+ Kg7 28. Rd1 Be3 29. Bb4 Kg6 30. g3 f4 31. g4 Bc5 32.
Bc3 Nb7 33. Bc2+ Kh6 34. Rxd8 Nxd8 35. h4 Nc6 36. Be4 Nd4 37. b4 Nb5 38.
g5+ Kh5 39. bxc5 bxc5 40. Ba1 c4 41. Bxh7 1-0

[Event "Masters"]
[Site "Melbourne"]
[Date "1995.08.22"]
[Round "2"]
[White "Rutherford, S"]
[Black "Reilly, T"]
[Result "1/2-1/2"]
[WhiteElo "2250"]
[BlackElo "2350"]

1. e4 d6 2. Nc3 g6 3. g3 Bg7 4. Bg2 e5 5. Nge2 Nc6 6. d3 f5 7. O-O Nf6 8.
exf5 gxf5 9. f4 O-O 10. fxe5 dxe5 11. Bg5 h6 12. Bh4 Be6 13. Bh3 Qd7 14.
Qd2 Nh7 15. Rae1 Rae8 16. Bg2 Kh8 17. Kh1 Rg8 18. Nc1 Nf8 19. Nb3 b6 20.
Qe2 Nd4 21. Nxd4 Qxd4 22. Qh5 Nh7 23. Bh3 Qb4 24. Rb1 e4 25. a3 Qd6 26.
dxe4 fxe4 27. Rbd1 Bxh3 28. Rxd6 Bxf1 29. Rd1 Rgf8 30. Nd5 Re5 31. Qg4 h5
32. Qd7 Be2 33. Nf4 Bg4 34. Qd4 Rc5 35. Ng6+ Kg8 36. Ne7+ Kh8 37. Ng6+
1/2-1/2

[Event "Masters"]
[Site "Melbourne"]
[Date "1995.08.22"]
[Round "2"]
[White "Sarfati, J"]
[Black "Kagan, N"]
[Result "1-0"]
[WhiteElo "2310"]
[BlackElo "2395"]

1. e4 e6 2. d4 d5 3. Nd2 Nf6 4. e5 Nfd7 5. f4 c5 6. c3 Nc6 7. Ndf3 a6 8.
Bd3 b5 9. Ne2 f5 10. g4 cxd4 11. gxf5 exf5 12. Nexd4 Nxd4 13. cxd4 Nb6 14.
Rg1 Be6 15. Ng5 Qd7 16. b3 Rc8 17. Bd2 g6 18. a4 bxa4 19. Bxa6 Ra8 20. Bd3
Be7 21. Qe2 O-O 22. Bb5 Qc8 23. Rc1 Bxg5 24. Rxc8 Bh4+ 25. Kf1 Rfxc8 26.
Qh5 a3 27. Qxh4 a2 28. Ke2 a1=Q 29. Rxa1 Rxa1 30. Qf6 Bf7 31. Qxb6 g5 32.
Qh6 gxf4 33. Bd7 f3+ 34. Kf2 Rc7 35. e6 Bg6 36. e7 Ra8 37. Be6+ Bf7 38.
Qg5+ 1-0

[Event "Masters"]
[Site "Melbourne"]
[Date "1995.08.22"]
[Round "2"]
[White "Levi, E"]
[Black "Dinh, D"]
[Result "1/2-1/2"]
[WhiteElo "2235"]
[BlackElo "2240"]

1. e4 g6 2. d4 Bg7 3. h4 h5 4. Nc3 c6 5. Bc4 d6 6. Nh3 Bxh3 7. Rxh3 e6 8.
a4 d5 9. Bb3 Qb6 10. Qe2 Nf6 11. Bg5 Nbd7 12. O-O-O Kf8 1/2-1/2

[Event "Masters"]
[Site "Melbourne"]
[Date "1995.08.23"]
[Round "3"]
[White "Tu Hoang Thong"]
[Black "West, G"]
[Result "1/2-1/2"]
[WhiteElo "2470"]
[BlackElo "2400"]

1. e4 c5 2. d3 e6 3. g3 d5 4. Nd2 Nc6 5. Bg2 Nge7 6. Ngf3 g6 7. O-O Bg7 8.
c3 O-O 9. Nb3 dxe4 10. dxe4 b6 11. Qe2 Bb7 12. h4 h6 13. Nh2 Ne5 14. f4 Nd3
15. Be3 c4 16. Nc1 f5 17. e5 Bxg2 18. Qxg2 Nd5 19. Bd4 Nxc1 20. Raxc1 Qd7
21. Nf3 h5 22. b3 Rfc8 23. Rfd1 b5 24. Nd2 Bf8 25. bxc4 bxc4 26. Nf1 Rab8
27. Ne3 Rb5 28. Rd2 Qc6 29. Nxd5 Rxd5 30. Bxa7 Rcd8 31. Rxd5 Qxd5 32. Qxd5
Rxd5 33. Bd4 Ra5 34. Rc2 Ba3 35. Bb6 Rd5 36. Kf2 Kf7 37. Re2 Ke8 38. Ke1
Kd7 39. Rd2 Rxd2 40. Kxd2 Kc6 41. Ba5 Bc5 42. Ke2 1/2-1/2

[Event "Masters"]
[Site "Melbourne"]
[Date "1995.08.23"]
[Round "3"]
[White "Jordan, W"]
[Black "Sarfati, J"]
[Result "1/2-1/2"]
[WhiteElo "2340"]
[BlackElo "2310"]

1. e4 e5 2. Nf3 Nc6 3. Bb5 a6 4. Ba4 Nf6 5. Qe2 Be7 6. O-O b5 7. Bb3 O-O 8.
Rd1 Re8 9. a4 b4 10. d4 exd4 11. e5 Bd6 12. Bxf7+ Kxf7 13. Qc4+ Kf8 14.
exd6 cxd6 15. Nxd4 Qe7 16. Be3 a5 17. Nf5 Qe5 18. Nxd6 Re6 19. Qc5 Kg8 20.
Qxe5 Nxe5 21. Nb5 Rc6 22. Nd4 Rc7 23. Bf4 d6 24. Nd2 Ba6 25. Re1 Nc6 26.
N2b3 Nxd4 27. Nxd4 Rc4 28. Rad1 d5 29. f3 Kf7 30. Rd2 Re8 31. Rxe8 Kxe8 32.
Be5 Kf7 33. Bxf6 Kxf6 34. Nb3 Bc8 35. Nxa5 Rc7 36. Nb3 Bd7 37. Rxd5 Bxa4
38. Nc5 Bxc2 39. Na6 Rc4 40. Kf2 Bf5 41. Ke3 b3 42. Rd4 Rc1 43. g4 Bc2 44.
Nc5 Re1+ 45. Kf2 Rb1 46. Na4 g5 47. Rd2 Kf7 48. Rd6 Rh1 49. Kg3 Rg1+ 50.
Kf2 Rh1 51. Kg2 Rb1 52. Rd8 Kf6 53. Re8 Kf7 54. Re3 Kf6 55. Kf2 Rh1 56. Kg2
Rb1 57. h3 Kf7 58. Kf2 Rh1 59. Nc5 Rb1 60. Na4 Rh1 61. Re5 Kf6 62. Re1 Rxh3
63. Nc5 Rh2+ 64. Kg3 Rd2 65. Re3 Rd4 66. Nxb3 Rb4 67. Na1 Bg6 68. b3 h5 69.
gxh5 Bxh5 70. Nc2 Rb8 71. Nd4 Bf7 72. Kf2 Rd8 73. Nc6 Rc8 74. Ne5 Rc2+ 75.
Kg3 Be6 76. b4 Rb2 77. Re4 Bf5 78. Ng4+ Kg6 79. Rd4 Rb3 80. Rd6+ Kg7 81.
Rb6 Be4 82. Ne5 Bd5 83. Rb5 Be6 84. Nc6 Rd3 85. Rxg5+ Kf6 86. Rh5 Bd5 87.
Ne5 Rd4 88. b5 Rb4 89. b6 Rb1 90. Nd3 Bc4 91. Ne5 Be6 92. f4 Rb3+ 93. Kf2
Rxb6 94. Nf3 Rb2+ 95. Ke3 Bg4 96. Rh6+ Kg7 97. Ne5 Kxh6 98. Nxg4+ 1/2-1/2

[Event "Masters"]
[Site "Melbourne"]
[Date "1995.08.23"]
[Round "3"]
[White "Reilly, T"]
[Black "Sandler, L"]
[Result "1/2-1/2"]
[WhiteElo "2350"]
[BlackElo "2375"]

1. d4 Nf6 2. c4 c5 3. d5 g6 4. Nc3 Bg7 5. e4 d6 6. h3 O-O 7. Nf3 e6 8. Bd3
Re8 9. O-O Na6 10. Be3 Nc7 11. a4 b6 12. Nd2 Rb8 13. Bg5 a6 14. f4 exd5 15.
cxd5 b5 16. axb5 axb5 17. Qf3 Qd7 18. f5 c4 19. fxg6 fxg6 20. e5 dxe5 21.
Bxg6 hxg6 22. Bxf6 Rf8 23. Nde4 Ne8 24. Qg3 Nxf6 25. Qxg6 Rb6 26. d6 Rxd6
27. Nxd6 Qxd6 1/2-1/2

[Event "Masters"]
[Site "Melbourne"]
[Date "1995.08.23"]
[Round "3"]
[White "Dinh, D"]
[Black "Rutherford, S"]
[Result "1/2-1/2"]
[WhiteElo "2240"]
[BlackElo "2250"]

1. c4 Nf6 2. g3 g6 3. Bg2 Bg7 4. Nc3 O-O 5. d3 d6 6. e4 c5 7. Nge2 Nc6 8.
O-O Ne8 9. Be3 Nd4 10. Qd2 Nc7 11. Rab1 a5 12. a4 Nce6 13. Nb5 Bd7 14. Nec3
Nc7 15. Kh1 Bc6 16. Nd5 Na6 17. Bg5 Re8 18. f4 Bxd5 19. exd5 h6 20. Bh4 Qd7
21. Rbe1 Nf5 22. Bh3 Nxg3+ 23. Bxg3 Qxh3 24. f5 gxf5 25. Rf4 Bf6 26. Qf2
Nb4 27. Re3 Qh5 28. Ref3 e6 29. Nxd6 Bd4 30. Rxd4 cxd4 31. Be5 Kh7 32. Nxe8
Rxe8 33. Rg3 Rg8 34. Rxg8 Kxg8 35. Qg3+ Qg6 36. dxe6 Qxg3 37. exf7+ Kxf7
38. hxg3 Nxd3 39. Bxd4 b6 40. Bxb6 Nxb2 41. Bxa5 Nxa4 42. Kg2 Ke6 1/2-1/2

[Event "Masters"]
[Site "Melbourne"]
[Date "1995.08.23"]
[Round "3"]
[White "Khoze, E"]
[Black "Levi, E"]
[Result "0-1"]
[WhiteElo "2200"]
[BlackElo "2235"]

1. d4 Nf6 2. c4 e5 3. dxe5 Ng4 4. Nf3 Bc5 5. e3 Nc6 6. a3 a5 7. b3 O-O 8.
Bd3 Re8 9. Bb2 Ra6 10. Bc2 Ncxe5 11. h3 Nxf3+ 12. Qxf3 Nxe3 13. Kd2 Rd6+
14. Bd3 Qg5 15. fxe3 Rxe3 16. Qg4 Rexd3+ 17. Kc2 Qxg4 18. hxg4 Rg3 19. b4
Rxg2+ 20. Kb3 a4+ 21. Kxa4 Rxb2 0-1

[Event "Masters"]
[Site "Melbourne"]
[Date "1995.08.24"]
[Round "4"]
[White "Tu Hoang Thong"]
[Black "Kagan, N"]
[Result "1-0"]
[WhiteElo "2470"]
[BlackElo "2395"]

1. f4 d5 2. Nf3 Nc6 3. e3 Bg4 4. Bb5 e6 5. Bxc6+ bxc6 6. O-O Bd6 7. Qe1 Ne7
8. d3 O-O 9. e4 Bxf3 10. Rxf3 f5 11. e5 Bc5+ 12. Be3 Bxe3+ 13. Qxe3 Qb8 14.
b3 a5 15. Nc3 Qb4 16. Na4 d4 17. Qf2 Rfd8 18. a3 Qb5 19. Qh4 Rd7 20. Rh3 h6
21. Rf1 Nd5 22. Rff3 Ne3 23. Rfg3 Ng4 24. Rxg4 fxg4 25. Qxg4 Kf7 26. Rg3
Rg8 27. Qg6+ Ke7 28. h3 Rdd8 29. Qh7 Kf7 30. Rg6 Rdf8 31. Rxh6 Qd5 32. Rg6
Ke8 33. Qh5 Rf7 34. Qg4 Rf5 35. Nc5 Qxc5 36. Rxe6+ Kd8 37. Qxf5 Qxc2 38.
Qf7 Rh8 39. Re7 1-0

[Event "Masters"]
[Site "Melbourne"]
[Date "1995.08.24"]
[Round "4"]
[White "Johansen, D"]
[Black "Jordan, W"]
[Result "1-0"]
[WhiteElo "2510"]
[BlackElo "2340"]

1. c4 Nf6 2. Nc3 g6 3. e4 e5 4. Nge2 Bc5 5. d4 exd4 6. Nxd4 Nxe4 7. Nxe4
Qe7 8. f3 O-O 9. Be2 Bb6 10. Nb3 f5 11. Qd5+ Kg7 12. Bg5 Qe8 13. c5 fxe4
14. Qd4+ Kg8 15. Bc4+ d5 16. Qxd5+ 1-0

[Event "Masters"]
[Site "Melbourne"]
[Date "1995.08.24"]
[Round "4"]
[White "Sandler, L"]
[Black "Dinh, D"]
[Result "1/2-1/2"]
[WhiteElo "2375"]
[BlackElo "2240"]

1. c4 g6 2. Nc3 Bg7 3. d4 c5 4. d5 f5 5. Nf3 d6 6. g3 Bxc3+ 7. bxc3 Qa5 8.
Qb3 Nf6 9. Bh6 Nbd7 10. Bg2 Nb6 11. O-O Bd7 12. Bg7 Rg8 13. Bxf6 exf6 14.
Nd2 O-O-O 15. Qc2 Rge8 16. Qd3 Re7 17. e3 Kb8 18. Rfb1 Na4 19. Rb3 Qc7 20.
Bf3 Nb6 21. a4 Bc8 22. Bg2 Nd7 23. f4 Rde8 24. Re1 Nf8 25. Rbb1 Ka8 26. Kf2
Qd7 27. Ra1 1/2-1/2

[Event "Masters"]
[Site "Melbourne"]
[Date "1995.08.24"]
[Round "4"]
[White "West, G"]
[Black "Levi, E"]
[Result "1/2-1/2"]
[WhiteElo "2400"]
[BlackElo "2235"]

1. d4 d5 2. Nf3 c6 3. c4 Nf6 4. cxd5 cxd5 5. Nc3 Nc6 6. Bf4 Bf5 7. e3 e6 8.
Be2 Bd6 9. Bg3 O-O 10. O-O Rc8 11. Qa4 a6 12. Rfc1 Bxg3 13. hxg3 Re8 14. b4
Qd6 15. a3 Nd7 16. Qb3 b5 17. Nh4 Bg6 18. Nxg6 hxg6 19. Nd1 e5 20. dxe5
Ndxe5 21. Nc3 Nc4 22. Rd1 d4 23. Bf3 d3 24. Ne4 Qe5 25. Ra2 a5 26. Rxd3
axb4 27. axb4 Qe7 28. Nc5 Nxb4 29. Qxb4 Rxc5 30. Rd1 Qc7 31. Be2 Rc8 32. g4
Qe5 33. Qb3 R5c7 34. Ra6 Nb2 35. Rf1 Nc4 36. Ra2 Qd5 37. Rd1 Qe6 38. Raa1
Qe5 39. Ra2 Rc5 40. Raa1 Nd2 41. Qb4 Ne4 42. Bd3 Nc3 43. Re1 Qd6 44. Bf1
Rd5 45. Qf4 g5 46. Qf3 b4 47. Ra7 Qe6 48. Rb7 Na2 49. Bb5 Rd2 50. Qf5 Qxf5
51. gxf5 Kf8 52. Ba4 Rb2 53. Rd1 Rc1 54. Rb8+ Ke7 55. Rb7+ Kf8 56. Rb8+ Ke7
57. Rb7+ Kf6 58. Rxc1 Nxc1 59. Be8 Kxf5 60. Rxf7+ Ke6 61. Rxg7 Nd3 62. Rxg5
Nxf2 63. Bc6 Nd1 64. e4 Nc3 65. Bd5+ Kd6 66. g4 Rd2 67. Bf7 Nxe4 68. Rb5
Ke7 69. Bg6 Nd6 70. Rxb4 Kf6 71. Bh5 Kg5 72. Kf1 Rc2 73. Rd4 Nc4 74. Ke1
Ne5 75. Re4 Nf3+ 76. Kd1 Rd2+ 77. Kc1 Rd4 1/2-1/2

[Event "Masters"]
[Site "Melbourne"]
[Date "1995.08.24"]
[Round "4"]
[White "Rutherford, S"]
[Black "Khoze, E"]
[Result "1-0"]
[WhiteElo "2250"]
[BlackElo "2200"]

1. e4 c5 2. Nf3 e6 3. d4 cxd4 4. Nxd4 a6 5. Bd3 Qc7 6. O-O Nc6 7. Nxc6 bxc6
8. Nd2 d5 9. c4 Nf6 10. Qe2 Be7 11. b3 dxe4 12. Nxe4 Nxe4 13. Bxe4 Bf6 14.
Bf4 e5 15. Qf3 Bb7 16. Be3 Be7 17. Rad1 g6 18. Bh6 Rg8 19. Rfe1 f6 20. Qc3
Kf7 21. c5 Bc8 22. Qf3 Be6 23. Bxc6 Rad8 24. b4 Rxd1 25. Rxd1 Rd8 26. Bd5
Bxd5 27. Rxd5 Rb8 28. Qb3 Ke8 29. Rd1 Bf8 30. Qe6+ Qe7 31. Qc6+ 1-0

[Event "Masters"]
[Site "Melbourne"]
[Date "1995.08.24"]
[Round "4"]
[White "Sarfati, J"]
[Black "Reilly, T"]
[Result "1-0"]
[WhiteElo "2310"]
[BlackElo "2350"]

1. e4 d6 2. d4 Nf6 3. Nc3 g6 4. Be3 Bg7 5. Qd2 c6 6. a4 O-O 7. Nf3 Bg4 8.
Be2 Nbd7 9. O-O e5 10. h3 Bxf3 11. Bxf3 Re8 12. Rfd1 Qe7 13. d5 c5 14. Rdb1
Rf8 15. b4 Ne8 16. bxc5 Nxc5 17. Rb5 f5 18. Rab1 b6 19. a5 bxa5 20. Rxa5
fxe4 21. Bxe4 Nxe4 22. Nxe4 Nf6 23. Qd3 Nxe4 24. Qxe4 Rfc8 25. Rba1 Rc7 26.
c4 Qd7 27. c5 dxc5 28. d6 Rc6 29. Rxc5 Rcc8 30. Qd5+ Kh8 31. Rxc8+ Qxc8 32.
d7 1-0

[Event "Masters"]
[Site "Melbourne"]
[Date "1995.08.25"]
[Round "5"]
[White "Jordan, W"]
[Black "Tu Hoang Thong"]
[Result "1/2-1/2"]
[WhiteElo "2340"]
[BlackElo "2470"]

1. e4 e5 2. Nf3 Nc6 3. Bc4 Nf6 4. d3 Be7 5. O-O O-O 6. Re1 d6 7. c3 Kh8 8.
Nbd2 Bg4 9. Nf1 Nd7 10. Ng3 Na5 11. Bb5 Nb6 12. d4 exd4 13. cxd4 c5 14. Bd2
Nac4 15. Bc3 a6 16. Bxc4 Nxc4 17. h3 Be6 18. b3 Nb6 19. Nh5 f6 20. Ba5 Qc7
21. Nf4 Bf7 22. Rc1 Qc6 23. dxc5 dxc5 24. Nd4 Qd6 25. Nf5 Qxf4 26. Bxb6
Rfe8 27. Qd7 Qe5 28. Qxb7 Rab8 29. Qc7 c4 30. Qxe5 fxe5 31. Bc7 Bb4 32.
Bxb8 Bxe1 33. Bc7 Bb4 34. bxc4 g6 35. Nh4 Rc8 36. Bxe5+ Kg8 37. Nf3 Rxc4
38. Rd1 Rc8 39. a3 Bxa3 40. Ra1 Rc1+ 41. Rxc1 Bxc1 42. Bc3 Bc4 43. Nd2 Bd3
44. f3 Kf7 45. Kf2 Ke7 46. Bb4+ Kd8 47. h4 Kc7 48. g4 Kb6 49. Ke3 Bc2 50.
e5 Kb5 51. Bc3 Kc5 52. f4 Kd5 53. Ke2 h5 54. gxh5 gxh5 55. Kf3 Bd1+ 56. Ke3
Ke6 57. Kd4 Ba4 58. Kc5 Kf5 59. Kd6 Ba3+ 60. Kc7 Kxf4 61. Kd8 Kf5 62. Nc4
Bc5 63. Nd6+ Ke6 64. Ne4 Bb6+ 65. Kc8 Bc6 66. Ng3 Bf3 67. Nxh5 Bxh5 68. Kb7
Bf2 69. Kxa6 Bxh4 70. Kb5 Kd5 71. Kb4 Bd1 72. Ka3 Kc4 73. Kb2 Bg4 74. e6
Bxe6 75. Bh8 Bf2 76. Ka1 Kb3 77. Bg7 Bf5 78. Bh8 Bc5 79. Bg7 Ba3 80. Bh8
Bc2 81. Bg7 Bb4 82. Bh8 Bc3+ 83. Bxc3 Kxc3 1/2-1/2

[Event "Masters"]
[Site "Melbourne"]
[Date "1995.08.25"]
[Round "5"]
[White "Kagan, N"]
[Black "West, G"]
[Result "1/2-1/2"]
[WhiteElo "2395"]
[BlackElo "2400"]

1. c4 e5 2. Nc3 Nf6 3. g3 c6 4. Bg2 d5 5. b3 d4 6. Nb1 a5 7. d3 a4 8. Nd2
Bb4 9. Ngf3 axb3 10. Qxb3 Qa5 11. a3 Nbd7 12. O-O Bd6 13. Qa2 Nc5 14. Nb3
Nxb3 15. Qxb3 Nd7 16. e3 dxe3 17. Bxe3 O-O 1/2-1/2

[Event "Masters"]
[Site "Melbourne"]
[Date "1995.08.25"]
[Round "5"]
[White "Dinh, D"]
[Black "Sarfati, J"]
[Result "0-1"]
[WhiteElo "2240"]
[BlackElo "2310"]

1. c4 Nf6 2. g3 c6 3. Nf3 d5 4. b3 Bg4 5. Bg2 e6 6. Bb2 Nbd7 7. Qc2 Be7 8.
d3 a5 9. Nc3 O-O 10. O-O Re8 11. a3 Rc8 12. Nd1 Bf8 13. Ne5 Nxe5 14. Bxe5
Nd7 15. Bc3 b5 16. b4 axb4 17. axb4 Nb6 18. c5 Na4 19. f3 Bh5 20. Nb2 Nxc3
21. Qxc3 d4 22. Qd2 e5 23. Ra6 f5 24. Rfa1 Bf7 25. Nd1 Be7 26. Nf2 Bd5 27.
Nh3 Bf6 28. Ra7 Rc7 29. Qc1 Qe7 30. Qa3 Rxa7 31. Qxa7 Qxa7 32. Rxa7 Re7 33.
Ra8+ Kf7 34. Kf1 g5 35. Nf2 Kg6 36. Ra6 Re6 37. Ne4 Be7 38. Nf2 Kf7 39. Bh3
Rf6 40. Kg1 Kg6 41. Bg2 Kf7 42. Ra7 Re6 43. Rc7 Ke8 44. Bh3 Rf6 45. Ra7 Kf8
46. Kf1 Ke8 47. Ke1 Kf8 48. Nd1 Ke8 49. e4 dxe3 50. Nxe3 Be6 51. Ra6 Bd7
52. Ra8+ Bd8 53. Kf2 e4 54. d4 exf3 55. d5 g4 56. Bf1 Rh6 57. Ra6 f4 58.
gxf4 Rxh2+ 59. Kg3 Rh1 60. Nxg4 Bxg4 61. Kxg4 Rxf1 62. dxc6 h5+ 63. Kf5 f2
64. Ra2 h4 65. Re2+ Kf8 66. Rd2 Bc7 67. Kf6 h3 68. Rd7 Re1 69. Rf7+ Kg8 70.
Rg7+ Kh8 0-1

[Event "Masters"]
[Site "Melbourne"]
[Date "1995.08.25"]
[Round "5"]
[White "Levi, E"]
[Black "Rutherford, S"]
[Result "1/2-1/2"]
[WhiteElo "2235"]
[BlackElo "2250"]

1. e4 c6 2. c4 d5 3. cxd5 cxd5 4. exd5 Nf6 5. Bb5+ Bd7 6. Bc4 g6 7. Qb3 Qc8
8. Nc3 Bg7 9. Nf3 O-O 10. O-O Ne8 11. Re1 Nd6 12. d3 Bg4 13. Ng5 h6 14.
Nge4 Nxc4 15. dxc4 Nd7 16. h3 Bf5 17. d6 e6 18. Bf4 Qc6 19. Rac1 Rfc8 20.
Qb4 g5 21. Bh2 a6 22. Qa4 Qxa4 23. Nxa4 b5 24. c5 bxa4 25. c6 Bxb2 26. Rc2
a3 27. g4 Bg6 28. Ree2 Ne5 29. Bxe5 Bxe5 30. d7 Rc7 31. Rcd2 Rd8 32. Nc5
Bf6 33. Rd6 Be7 34. Nxe6 fxe6 35. Rdxe6 Bf7 36. Rxe7 Kf8 37. R2e6 Bxe6 38.
Rxe6 Kf7 39. Rxh6 Ke7 40. h4 gxh4 41. g5 Rf8 42. f4 h3 43. f5 Ra7 44. Rh7+
Kd8 45. g6 Rg8 46. Kh2 Rc7 47. f6 Rxc6 48. g7 Kxd7 49. f7 Rxg7 50. f8=Q
Rc2+ 51. Kh1 1/2-1/2

[Event "Masters"]
[Site "Melbourne"]
[Date "1995.08.25"]
[Round "5"]
[White "Khoze, E"]
[Black "Sandler, L"]
[Result "0-1"]
[WhiteElo "2200"]
[BlackElo "2375"]

1. d4 Nf6 2. Nf3 e6 3. c4 c5 4. d5 exd5 5. cxd5 d6 6. Nc3 g6 7. e4 a6 8. a4
Bg4 9. Be2 Bg7 10. Bg5 h6 11. Bh4 O-O 12. O-O Nbd7 13. Nd2 Bxe2 14. Qxe2
Qe7 15. f4 Rab8 16. Nf3 Rfe8 17. e5 Qf8 18. Rae1 Nh5 19. e6 f5 20. Qc4 Ndf6
21. a5 b5 22. axb6 Rxb6 23. Rf2 Qe7 24. g3 Qb7 25. Ree2 Kh7 26. h3 Ng8 27.
Qa4 Nhf6 28. Ne1 Rb4 29. Qa2 Ne7 30. Rd2 Ne4 31. Nxe4 fxe4 32. Rfe2 Nf5 33.
Kg2 e3 34. Rd3 Nd4 35. Rexe3 Rxb2+ 0-1

[Event "Masters"]
[Site "Melbourne"]
[Date "1995.08.27"]
[Round "6"]
[White "Tu Hoang Thong"]
[Black "Reilly, T"]
[Result "1-0"]
[WhiteElo "2470"]
[BlackElo "2350"]

1. e4 d6 2. Nc3 g6 3. f4 Bg7 4. Nf3 Nf6 5. Bc4 O-O 6. d3 c6 7. O-O d5 8.
Bb3 Na6 9. e5 Ng4 10. h3 Nh6 11. d4 f5 12. Ne2 Nc7 13. Be3 Kh8 14. Kh1 b6
15. Rg1 Qd7 16. c3 Ba6 17. Nh2 Ne6 18. Qd2 Rad8 19. Rae1 c5 20. g4 cxd4 21.
cxd4 Rc8 22. g5 Nf7 23. Nc3 Bb7 24. Rg2 Rc7 25. Nf3 Rfc8 26. h4 Kg8 27. Kg1
b5 28. a3 Nfd8 29. h5 a5 30. hxg6 hxg6 31. Rh2 Nf8 32. Rd1 e6 33. Ne1 Ba6
34. Nd3 Nb7 35. Nc5 Nxc5 36. dxc5 a4 37. Bc2 Qe7 38. Bd3 Nd7 39. Bxb5 Nxc5
40. Bxa6 Nxa6 41. Nxa4 Rc2 42. Qa5 Rxh2 43. Kxh2 Nb8 44. Rc1 Rxc1 45. Bxc1
Bf8 46. Kg2 Nc6 47. Qb6 Qd7 48. Nc5 Bxc5 49. Qxc5 d4 50. Bd2 Qb7 51. Kg1
Qxb2 52. Qxc6 Qxd2 53. Qxe6+ Kf8 54. Qf6+ Ke8 55. Qxg6+ Kd8 56. Qf6+ Ke8
57. Qc6+ Kd8 58. Qd6+ Ke8 59. Qb8+ Kf7 60. g6+ Kg7 61. Qb7+ 1-0

[Event "Masters"]
[Site "Melbourne"]
[Date "1995.08.27"]
[Round "6"]
[White "Johansen, D"]
[Black "Dinh, D"]
[Result "1-0"]
[WhiteElo "2510"]
[BlackElo "2240"]

1. e4 g6 2. d4 Bg7 3. c4 d6 4. Nc3 Nc6 5. Be3 e5 6. d5 Nce7 7. g4 Nf6 8. f3
h5 9. g5 Nd7 10. h4 a5 11. Qd2 b6 12. Bh3 Nc5 13. Bxc8 Nxc8 14. Nge2 Na7
15. O-O-O Qd7 16. f4 exf4 17. Bd4 O-O 18. Qxf4 Rae8 19. Bxg7 Kxg7 20. Rhg1
f5 21. gxf6+ Rxf6 22. Qe3 b5 23. Nf4 Re5 24. Rg5 Rxg5 25. hxg5 Rf7 26. Ne6+
Nxe6 27. dxe6 Qxe6 28. Qxa7 Qxc4 29. Qxa5 c6 30. a3 Qc5 31. Qd8 h4 32. Qxd6
Qxg5+ 33. Kb1 h3 34. e5 h2 35. e6 Re7 36. Qxh2 Qf5+ 37. Ka1 Qxe6 38. Rh1
Qe5 39. Qh8+ Kf7 40. Rh7+ Ke6 1-0

[Event "Masters"]
[Site "Melbourne"]
[Date "1995.08.27"]
[Round "6"]
[White "Sandler, L"]
[Black "Levi, E"]
[Result "1-0"]
[WhiteElo "2375"]
[BlackElo "2235"]

1. d4 Nf6 2. Nf3 d5 3. c4 c6 4. Nbd2 Bg4 5. e3 e6 6. Be2 Nbd7 7. O-O Bd6 8.
b3 O-O 9. Bb2 Re8 10. h3 Bh5 11. Ne5 Bxe2 12. Qxe2 Re7 13. f4 Ne8 14. e4 f6
15. Nd3 f5 16. e5 Bc7 17. Nf3 Nf8 18. Kh1 g6 19. Ba3 Rg7 20. Ng5 Qc8 21.
cxd5 exd5 22. e6 Bd6 23. Bxd6 Nxd6 24. e7 Nd7 25. Qe6+ Nf7 26. Rfe1 Qe8 27.
Re2 Kh8 28. Rae1 Nxg5 29. fxg5 Rc8 30. Nc5 Nb6 31. Nxb7 1-0

[Event "Masters"]
[Site "Melbourne"]
[Date "1995.08.27"]
[Round "6"]
[White "Sarfati, J"]
[Black "Khoze, E"]
[Result "0-1"]
[WhiteElo "2310"]
[BlackElo "2200"]

1. e4 e5 2. Nf3 Nc6 3. Bb5 a6 4. Ba4 Nf6 5. O-O Be7 6. Qe2 b5 7. Bb3 O-O 8.
c3 d6 9. d4 Bg4 10. Rd1 exd4 11. cxd4 Re8 12. h3 Bh5 13. Nc3 Na5 14. Bc2
Qc8 15. Bf4 Qb7 16. g4 Bg6 17. Nh4 b4 18. Nxg6 hxg6 19. Nb1 Rad8 20. Nd2 c5
21. dxc5 dxc5 22. Bd3 Ra8 23. Rac1 Bf8 24. Re1 Re6 25. Qf1 Rd8 26. Nc4 Nc6
27. Bb1 Nd4 28. f3 Nd7 29. Kg2 Rf6 30. Bg5 Rxf3 31. Bxd8 Rxf1 32. Rxf1 f6
33. Rfd1 Qb8 34. Ba5 Ne2 35. Rc2 Qg3+ 36. Kf1 Nd4 37. Rf2 Qxh3+ 38. Ke1
Qxg4 39. Bc7 Ne5 40. Bxe5 fxe5 41. Bd3 Be7 42. Nxe5 Qg1+ 43. Bf1 Bh4 44.
Rdd2 Qg5 45. Nd3 c4 0-1

[Event "Masters"]
[Site "Melbourne"]
[Date "1995.08.27"]
[Round "6"]
[White "Kagan, N"]
[Black "Jordan, W"]
[Result "1-0"]
[WhiteElo "2395"]
[BlackElo "2340"]

1. c4 e5 2. g3 Nf6 3. Bg2 c6 4. b3 Bc5 5. Bb2 O-O 6. e3 Re8 7. Ne2 d5 8.
O-O dxc4 9. bxc4 Qd3 10. Nbc3 Qxc4 11. Rc1 Qg4 12. f3 Qb4 13. Qc2 Bb6 14.
f4 e4 15. h3 h5 16. Nd1 Nd5 17. f5 Qe7 18. Nf4 Qg5 19. Kh2 h4 20. Nxd5
Qxg3+ 21. Kg1 cxd5 22. Qxc8 Rxc8 23. Rxc8+ Kh7 24. Nf2 Bc7 25. Ng4 a5 26.
Rf8 Ra6 27. Rxf7 Kg8 28. Rxg7+ Kf8 29. f6 Nc6 30. Rg8+ Kxg8 31. f7+ 1-0

[Event "Masters"]
[Site "Melbourne"]
[Date "1995.08.28"]
[Round "7"]
[White "Jordan, W"]
[Black "West, G"]
[Result "1/2-1/2"]
[WhiteElo "2340"]
[BlackElo "2400"]

1. e4 c5 2. Nf3 Nc6 3. Bb5 g6 4. O-O Bg7 5. c3 e5 6. d4 cxd4 7. cxd4 exd4
8. Bf4 Nge7 9. Bd6 O-O 10. Re1 b6 11. Nbd2 Bb7 12. Nb3 Re8 13. Bc4 Nc8 14.
Bf4 h6 15. Bd5 g5 16. Bg3 N8e7 17. Bc4 Ng6 18. Bd5 Nge7 19. Bc4 Ng6 1/2-1/2

[Event "Masters"]
[Site "Melbourne"]
[Date "1995.08.28"]
[Round "7"]
[White "Reilly, T"]
[Black "Kagan, N"]
[Result "1-0"]
[WhiteElo "2350"]
[BlackElo "2395"]

1. d4 Nf6 2. c4 e6 3. Nc3 Bb4 4. e3 c5 5. Bd3 Nc6 6. Nge2 d5 7. cxd5 exd5
8. O-O c4 9. Bc2 O-O 10. f3 Re8 11. Kh1 h6 12. a3 Bf8 13. e4 Be6 14. e5 Nh7
15. Nf4 Qd7 16. Be3 Be7 17. Nxe6 Qxe6 18. Qb1 g6 19. Ne2 Bf8 20. Nf4 Qd7
21. Nxg6 fxg6 22. Bxg6 Re7 23. f4 Kh8 24. f5 Nd8 25. Rf3 Rc8 26. f6 Rf7 27.
Rh3 Ne6 28. Bxf7 Qxf7 29. Qf5 c3 30. Rc1 Rc7 31. Rxc3 Rxc3 32. bxc3 b6 33.
Bxh6 Bxh6 34. Rxh6 Nef8 35. h3 Kg8 36. e6 1-0

[Event "Masters"]
[Site "Melbourne"]
[Date "1995.08.28"]
[Round "7"]
[White "Dinh, D"]
[Black "Tu Hoang Thong"]
[Result "0-1"]
[WhiteElo "2240"]
[BlackElo "2470"]

1. c4 f5 2. g3 Nf6 3. Bg2 e5 4. Nc3 d6 5. d3 Be7 6. Nf3 O-O 7. O-O Qe8 8.
c5 Kh8 9. cxd6 Bxd6 10. a3 c6 11. b4 a5 12. Bb2 axb4 13. axb4 Rxa1 14. Qxa1
Na6 15. Na2 e4 16. dxe4 fxe4 17. Nd2 e3 18. Nc4 exf2+ 19. Rxf2 Be7 20. Na5
Kg8 21. Bc3 Ng4 22. Rf3 Bf6 23. Bxf6 Rxf6 24. Rxf6 Qe3+ 25. Kh1 gxf6 26.
Bf3 Nf2+ 27. Kg1 Bg4 28. Qf1 Nd3+ 29. Kh1 Bh3 30. Qb1 Nf2+ 31. Kg1 Nd1+ 32.
Kh1 Qd2 0-1